000 00498nam a2200169Ia 4500
999 _c37083
_d37083
003 OSt
005 20210122133703.0
008 190216s9999||||xx |||||||||||||| ||und||
040 _coclc
082 _a320.954076
_bCHO/U
100 _aChopra, J K
_98371
245 0 _aUnique Quintessence Of Indian Polity /
_cJ K Chopra
260 _bUnique Publishers,
_c2010.
_aDelhi:
300 _a391p
650 _aReferences
942 _cREF
_2ddc
_h320.954076
_iCHO/U
_k320.954076
_mCHO/U